600 essential words for the TOEIC test Test of English for international communication
Đã lưu trong:
| Tác giả chính: | |
|---|---|
| Định dạng: | Sách |
| Ngôn ngữ: | Vietnamese |
| Được phát hành: |
TP.HCM
Trẻ; Công ty Văn hóa sáng tạo Trí Việt
2014
|
| Phiên bản: | 2nd edition |
| Loạt: | Barron's Educational Series
|
| Những chủ đề: | |
| Các nhãn: |
Thêm thẻ
Không có thẻ, Là người đầu tiên thẻ bản ghi này!
|
| Thư viện lưu trữ: | Trung tâm Học liệu Lê Vũ Hùng, Trường Đại học Đồng Tháp |
|---|
| LEADER | 01544amm a22002898a 4500 | ||
|---|---|---|---|
| 001 | 00033002 | ||
| 005 | 20171026081025.0 | ||
| 008 | 150203s2014 ||||||viesd | ||
| 041 | 0 | # | |a vie |
| 082 | |a 428 |b S111TR | ||
| 100 | 1 | # | |a Lougheed, Lin |
| 245 | 1 | 0 | |a 600 essential words for the TOEIC test |b Test of English for international communication |c Lin Lougheed |h nguồn liệu điện tử] |
| 250 | # | # | |a 2nd edition |
| 260 | # | # | |a TP.HCM |b Trẻ; Công ty Văn hóa sáng tạo Trí Việt |c 2014 |
| 300 | # | # | |a 2 CD |c 43/4 in. |e sách |
| 490 | # | # | |a Barron's Educational Series |
| 653 | # | # | |a TOEIC Test |
| 653 | # | # | |a Tiếng Anh |
| 653 | # | # | |a Bài kiểm tra |
| 653 | # | # | |a Đĩa CD |
| 852 | # | # | |b Kho đa phương tiện |j DPT.0003341, DPT.0003342, DPT.0003343, DPT.0003344, DPT.0003345, DPT.0003346, DPT.0003347, DPT.0003348, DPT.0003349, DPT.0003350, DPT.0003351, DPT.0003352, DPT.0003353, DPT.0003354, DPT.0003355, DPT.0003356, DPT.0003357, DPT.0003358, DPT.0003359, DPT.0003360, DPT.0003361, DPT.0003362, DPT.0003363, DPT.0003364 |
| 852 | # | # | |j DPT.0003346 |j DPT.0003348 |j DPT.0003349 |j DPT.0003351 |j DPT.0003352 |j DPT.0003356 |j DPT.0003357 |j DPT.0003359 |j DPT.0003360 |j DPT.0003364 |j DPT.0003341 |j DPT.0003342 |j DPT.0003347 |j DPT.0003350 |j DPT.0003353 |j DPT.0003355 |j DPT.0003358 |j DPT.0003361 |j DPT.0003362 |j DPT.0003345 |j DPT.0003354 |j DPT.0003363 |j DPT.0004304 |j DPT.0004305 |
| 910 | 0 | # | |a kchi |d 03/02/2015 |
| 980 | # | # | |a Trung tâm Học liệu Lê Vũ Hùng, Trường Đại học Đồng Tháp |